000 00325nam a22001457a 4500
003 OSt
005 20160727222420.0
008 160627b xxu||||| |||| 00| 0 eng d
040 _cTEST
100 _91250
_aWallechinsky, D
245 _aOlympics
260 _aNEW YORK
_bPENQIUN
_c1988
300 _aOlympics
942 _2ddc
_cBK
999 _c1024
_d1024